000
00317nam a2200145Ia 4500
005
20251222152710.0
008
251222s9999||||xx |||||||||||||| ||spa||
020
_a
8408053167
082
_a
800/A81
100
_a
Asensi, Matilde
245
0
_a
Pergrinatio
250
_a
1ra. ed.
264
_b
Planeta
942
_c
LIB
999
_c
29175
_d
29175